1993 1073 1750 1273 1591 1855 1057 1582 1441 1956 1864 1429 1511 1745 1134 1530 1276 1304 1112 1432 1197 1800 1423 1005 1873 1704 1184 1687 1016 1196 1256 1277 1329 1557 1158 1146 1275 1611 1327 1563 1579 1936 1399 1458 1053 1567 1381 1841 1425 1152 1387 1941 1243 1362 1168 1771 1192 1510 1329 1007 1623 1692 1419 1714 1931 1429 1163 1981 1921 1979 1267 1837 1456 1050 1314 1166 1633 1941 1390 1897 1520 1639 1694 1091 1962 1704 1819 1689 1888 1058 1798 1139 1083 1483 1735 1795 1705 1939 1052 BCNSPRNW ULIB Ver.6.0+V

เปลี่ยนเป็นภาษาไทย

Change to English
 แสดงรายละเอียดบรรณานุกรม
  กลับหน้าหลัก

Brief Record : Get Marc (ISO 2709) : E-mail record : QR code < ปิดหน้าต่าง
LEADER : 00000nam 2200000uu 4500
001    13399125766
003     ULIB
008    170831s2560||||th 000 0 tha d
020    ^a9786164260139
060    ^aWG100 ก185ส
100    ^aกรองกาญจน์ ชูทิพย์
245    ^aสรีรวิทยาระบบหัวใจร่วมหลอดเลือดกับการประยุกต์ใช้ทางเภสัชวิทยา
250    ^aพิมพ์ครั้งที่ 1
260    ^aพิษณุโลก :^bมหาวิทยาลัยนเรศวร,^c2560
300    ^a562 หน้า^bภาพประกอบ, ตาราง
650    ^aระบบหัวใจร่วมหลอดเลือด
650    ^aสรีรวิทยา
650    ^aหัวใจ
945    ^p0^l0^i003181
945    ^p0^l0^i003182
945    ^p0^l0^i003183
999    ^aประนอม เกษจรัล
รายการนี้ยังไม่มีแท็ก
คุณยังไม่ได้ล็อกอิน คุณสามารถมีกิจกรรมร่วมกับเว็บไซต์ได้ แต่ต้องล็อกอินก่อน ::
  ล็อกอิน

รายการสื่อสารสนเทศ

ลำดับที่ ประเภท เลขเรียก/บาร์โค้ด สถานที่ สถานะ
1. วิทยาศาสตร์การแพทย์ และสุขภาพ
หนังสือสำรอง
สถานะ=หนังสือสำรอง
WG100 ก185ส ฉ.1 
  Barcode: 003181
ห้องสมุดวิทยาเขตสวรรค์ประชารักษ์
►หนังสือทั่วไป
บนชั้น
2. วิทยาศาสตร์การแพทย์ และสุขภาพ
วิทยาศาสตร์การแพทย์ และสุขภาพ
WG100 ก185ส ฉ.2 
  Barcode: 003182
ห้องสมุดวิทยาเขตสวรรค์ประชารักษ์
►หนังสือทั่วไป
บนชั้น
3. วิทยาศาสตร์การแพทย์ และสุขภาพ
วิทยาศาสตร์การแพทย์ และสุขภาพ
WG100 ก185ส ฉ.3 
  Barcode: 003183
ห้องสมุดวิทยาเขตสวรรค์ประชารักษ์
►หนังสือทั่วไป
บนชั้น

รายการใกล้เคียง
    ชื่อเรื่อง [สรีรวิทยาระบบหัวใจร่วมหลอดเลือดกับการประยุกต์ใช้ทางเภสัชวิทยา]

    ผู้แต่ง [กรองกาญจน์ ชูทิพย์]

    หัวเรื่อง [ระบบหัวใจร่วมหลอดเลือด]
    หัวเรื่อง [สรีรวิทยา]
    หัวเรื่อง [หัวใจ]

BibComment


ยังไม่เคยถูกคอมเมนท์

คอมเมนท์ทรัพยากรรายการนี้
  คอมเมนท์: สรีรวิทยาระบบหัว..


 Copyright 2026. Bcnsprnw @Library